| 000 | 01069pam a2200289 a 4500 | ||
|---|---|---|---|
| 001 | 16297588 | ||
| 003 | OSt | ||
| 005 | 20240614123302.0 | ||
| 008 | 100622s2008 nyua b 001 0 eng | ||
| 010 | _a 2010287546 | ||
| 020 | _a9780470054567 | ||
| 040 |
_aMUST LIB _cMUST _dMUST |
||
| 050 | 0 | 0 |
_aQA374 _b.S86 2008 |
| 082 |
_220 _a515.35 _bSTR |
||
| 100 | 1 |
_aStrauss, Walter A., _d1937- _917085 |
|
| 245 | 1 | 0 |
_aPartial differential equations : _ban introduction / _cWalter A. Strauss. |
| 250 | _a2nd ed. | ||
| 260 |
_aNew York : _bWiley, _cc2009. |
||
| 300 |
_ax, 454 p. : _bill. ; _c25 cm. |
||
| 504 | _aIncludes bibliographical references (p. 427-430) and index. | ||
| 650 | 0 |
_aDifferential equations, Partial. _9712 |
|
| 856 | 4 | 2 |
_3Publisher description _uhttp://www.loc.gov/catdir/enhancements/fy1011/2010287546-d.html |
| 856 | 4 | 1 |
_3Table of contents only _uhttp://www.loc.gov/catdir/enhancements/fy1011/2010287546-t.html |
| 906 |
_a7 _bcbc _corigcop _d2 _eocip _f20 _gy-gencatlg |
||
| 942 |
_2z _cBOOK |
||
| 999 |
_c8477 _d8477 |
||